|
|
|
|
| LEADER |
00000nab a2200000 a 4500 |
| 001 |
vtls000169932 |
| 003 |
SK-MaSNL |
| 005 |
20260304213129.0 |
| 008 |
250422c1983 xo 0 slo |
| 015 |
|
|
|a SNBRB19rr/mm-uuuuu
|
| 035 |
|
|
|a CL0180043
|
| 035 |
|
|
|a urn:nbn:sk:snk-abbd27
|
| 035 |
|
|
|a (urnnbn)urn:nbn:sk:snk:ar-000lyr
|
| 035 |
|
|
|a (uuid)a56fce9c-3871-4a3a-b08f-7af840beeb04
|
| 040 |
|
|
|a SNKBUCL
|b slo
|c SNKBUCL
|e AACR2
|
| 041 |
0 |
|
|a slo
|
| 044 |
|
|
|a xo
|c SK
|
| 080 |
|
|
|a 027.52(437.6)
|2 1981
|
| 080 |
|
|
|a 021.2
|2 1981
|
| 100 |
1 |
|
|a Lobotková, Jana
|4 aut
|9 285566
|
| 245 |
1 |
0 |
|a Koordinácia jednotného kultúrneho pôsobenia v regiónoch
|c Jana Lobotková
|
| 650 |
0 |
7 |
|a ľudové knižnice
|2 snkbucl
|9 256791
|
| 655 |
|
7 |
|a články z novín a časopisov
|2 snkbucl
|9 267496
|
| 773 |
0 |
|
|t Čitateľ
|g Roč. 32, č. 11 (1983), s. 390-391
|
| 850 |
|
|
|a Slovenská národná knižnica
|
| 852 |
|
|
|a Slovenská národná knižnica
|
| 954 |
|
|
|a odborná, vedecká literatúra pôvodná (slovenská)
|2 lita
|
| 958 |
|
|
|a article15
|
| 958 |
|
|
|a OND
|
| 958 |
|
|
|a RK
|
| 958 |
|
|
|a KL
|
| 958 |
|
|
|a EUIPO
|
| 992 |
|
|
|a RBX
|
| 999 |
|
|
|c 3134549
|d 3136479
|